[Event "BR X EUA"]
[Site "http://www.queenalice.com/game.php?id=813882"]
[Date "2010.8.5"]
[Round "-"]
[White "Diego_chapeco"]
[Black "Sonia"]
[Result "0-1"]
[WhiteElo "1746"]
[BlackElo "1567"]

1. d4 d5 2. Nc3 Nf6 3. Bg5 c6 4. Bxf6 gxf6 5. f3 e6 6. e4 Bb4 7. Qe2 Qa5 8. Qe3
Bd7 9. exd5 cxd5 10. Kf2 Bxc3 11. bxc3 h6 12. Rb1 Bc6 13. f4 Qxa2 14. Rc1 Qa3
15. f5 Qe7 16. Re1 Bd7 17. g3 Nc6 18. Bb5 a6 19. Ba4 b5 20. Bb3 Qd6 21. fxe6
fxe6 22. Ba2 Ne7 23. Qf3 O-O-O 24. c4 Qb4 25. Nh3 Qd2+ 26. Re2 Qxd4+ 27. Kg2
bxc4 28. c3 Qd3 29. Re3 Qf5 30. Nf4 Bc6 31. Rxe6 Rde8 32. Bb1 Qg5 33. Bf5 Qxf5
34. Rhe1 Rh7 35. Qe3 Qc2+ 36. Ne2 d4+ 37. Rxc6+ Kb7 38. Qf3 Nxc6 39. Kh3 Qd3 40.
Qg2 h5 41. Nc1 Qf5+ 42. g4 hxg4+ 43. Kg3 Rxe1 44. Na2 Re3+ 45. Qf3 Rxf3+ 46. Kg2
Rf2+ 47. Kg1 Rf1+ 48. Kg2 Qf2# 0-1

[Event "far far away"]
[Site "http://www.queenalice.com/game.php?id=813886"]
[Date "2010.8.5"]
[Round "-"]
[White "Branca"]
[Black "Diego_chapeco"]
[Result "0-1"]
[WhiteElo "1319"]
[BlackElo "1710"]

1. e3 e5 2. Nc3 d5 3. b3 Bc5 4. e4 Qf6 5. Qe2 Nh6 6. exd5 Ng4 7. f3 Nf2 8. Qc4
Na6 9. Ne4 Nxe4 10. fxe4 Bg4 11. Qb5+ c6 12. Qxb7 Qf2# 0-1

[Event "Challenge"]
[Site "http://www.queenalice.com/game.php?id=813906"]
[Date "2010.8.5"]
[Round "-"]
[White "Diego_chapeco"]
[Black "igorzz"]
[Result "0-1"]
[WhiteElo "1713"]
[BlackElo "2359"]

1. d4 d5 2. Nc3 Nf6 3. f3 Nc6 4. Bg5 h6 5. Bxf6 exf6 6. e4 dxe4 7. fxe4 Nxd4 8.
Bb5+ c6 9. Bc4 Bg4 10. Qd3 Qb6 11. Nf3 Nxf3+ 12. gxf3 Rd8 13. Na4 Qa5+ 14. Qc3
Bb4 15. O-O Bxc3 16. Nxc3 Bh3 17. Rf2 Qg5+ 18. Kh1 Qc5 19. Re2 Qxc4 20. Rae1 Ke7
21. e5 Qf4 22. exf6+ Kxf6 23. Ne4+ Kg6 24. Rg1+ Kh7 25. Rf2 Rhe8 26. Ng3 Rd2 27.
Nh5 Qg5 28. Rxg5 Re1+ 29. Rg1 Rxg1+ 30. Kxg1 Rd1+ 31. Rf1 Rxf1# 0-1

[Event "Challenge"]
[Site "http://www.queenalice.com/game.php?id=813974"]
[Date "2010.8.6"]
[Round "-"]
[White "rodriw02"]
[Black "Diego_chapeco"]
[Result "0-1"]
[WhiteElo "1519"]
[BlackElo "1500"]

1. e4 e5 2. Qh5 Nf6 3. Qxe5+ Be7 4. Bc4 Nc6 5. Qg3 Nxe4 6. Qxg7 Rf8 7. Qxh7 Ng5
8. Qg7 d5 9. Be2 Nb4 10. Qc3 Bd6 11. a3 Ne4 12. Qb3 Qf6 13. Nf3 Nc5 14. Qe3+ Kd8
15. axb4 Ne6 16. c3 Re8 17. Ra5 Nf4 18. Qd4 Qxd4 19. Nxd4 b6 20. Nc6+ Kd7 21. b5
Nxe2 22. Ra4 Nxc1+ 23. Kd1 a6 24. Kxc1 Bb7 25. Na5 axb5 26. Rd4 Rxa5 27. Na3
Bxa3 28. Rxd5+ Bxd5 29. Kc2 Bxg2 30. Rg1 Be4+ 31. d3 Bd5 32. bxa3 Rxa3 33. Rg5
Ra2+ 34. Kd1 Bf3+ 35. Kc1 Re1# 0-1

[Event "Challenge"]
[Site "http://www.queenalice.com/game.php?id=814016"]
[Date "2010.8.6"]
[Round "-"]
[White "Diego_chapeco"]
[Black "Mannu"]
[Result "0-1"]
[WhiteElo "1650"]
[BlackElo "2121"]

1. e4 e5 2. Nf3 Nc6 3. d3 Nf6 4. Bg5 Be7 5. Nc3 d6 6. d4 exd4 7. Nxd4 Nxe4 8.
Nxe4 Bxg5 9. Nxc6 bxc6 10. Qd4 O-O 11. Ng3 Bf6 12. Qd3 Bxb2 13. Rb1 Qf6 14. Ne4
Qe5 15. Be2 Bf5 16. f3 d5 17. Rd1 dxe4 18. fxe4 Bxe4 19. Qd7 Bc3+ 20. Kf2 Bxc2
21. Rc1 Qf4+ 22. Bf3 Bd4+ 23. Ke2 Qe3+ 24. Kf1 Qf2# 0-1

[Event "Internacional X Flamengo"]
[Site "http://www.queenalice.com/game.php?id=814047"]
[Date "2010.8.6"]
[Round "-"]
[White "Diego_chapeco"]
[Black "Ares23"]
[Result "1-0"]
[WhiteElo "1713"]
[BlackElo "1481"]

1. d4 c5 2. c3 e6 3. e4 Nf6 4. Bg5 h6 5. Bf4 g5 6. Be5 Nc6 7. Qf3 Be7 8. Na3
cxd4 9. cxd4 Bb4+ 10. Kd1 Be7 11. Bxf6 Bxf6 12. e5 Bg7 13. Nb5 O-O 14. Nd6 Nxd4
15. Qe4 Qb6 16. Bd3 f6 17. Qh7# 1-0

[Event "Revanche"]
[Site "http://www.queenalice.com/game.php?id=816869"]
[Date "2010.8.11"]
[Round "-"]
[White "rodriw02"]
[Black "Diego_chapeco"]
[Result "1-0"]
[WhiteElo "1479"]
[BlackElo "1556"]

1. e4 e5 2. Qh5 Qf6 3. Nf3 g6 4. Qh3 Nc6 5. c3 d5 6. Qg3 dxe4 7. Ng5 Nh6 8. Nxe4
Qe6 9. Bb5 Qd5 10. Bd3 Bf5 11. Nf6+ Kd8 12. Nxd5 Bd6 13. Qh4+ Kd7 14. Qxh6 Rhe8
15. Nf6+ Ke6 16. Nxe8 Rxe8 17. Bc4+ Kf6 18. Qh4+ g5 19. Qh5 Be6 20. Qh6+ Ke7 21.
Qxg5+ Kd7 22. Qg4 Bxg4 23. f3 Bf5 24. Bxf7 Rf8 25. Bd5 Ne7 26. Be4 Be6 27. Bxh7
Bf5 28. Bxf5+ Nxf5 29. b4 Nh4 30. O-O Nf5 31. g4 Nh4 32. f4 exf4 33. d4 f3 34.
Bg5 Ng2 35. Nd2 Nf4 36. Nxf3 Nh3+ 37. Kg2 Rh8 38. Bf6 Nf4+ 39. Kf2 Nd5 40. Bxh8
Nxc3 41. a3 Ne4+ 42. Ke3 Nc3 43. g5 Nd5+ 44. Kf2 Nf4 45. Ne5+ Bxe5 46. Bxe5 Nd3+
47. Ke3 Nb2 48. Rf7+ Kc6 49. Rc1+ Kb6 50. Bxc7+ Kb5 51. Rf5+ Ka4 52. g6 Kxa3 53.
Rc3+ Kxb4 54. Ba5+ Ka4 55. Rc1 Kb3 56. Rb5+ Ka4 57. Rxb2 Ka3 58. Bc3 b5 59. Ra1#
1-0

[Event "vamos nessa?"]
[Site "http://www.queenalice.com/game.php?id=841895"]
[Date "2010.10.4"]
[Round "-"]
[White "Diego_chapeco"]
[Black "kavalheiro"]
[Result "0-1"]
[WhiteElo "1432"]
[BlackElo "1508"]

1. e4 e6 2. d4 Qh4 3. Qe2 Bb4+ 4. c3 Ba5 5. g3 Qf6 6. Nh3 Nc6 7. d5 Ne5 8. dxe6
Qxe6 9. Ng5 Qf6 10. Qb5 Bb6 11. f4 Ng4 12. Bc4 c6 13. Qb3 Bf2+ 14. Ke2 d5 15.
exd5 Qe7+ 16. Kf3 c5 17. f5 Bxf5 18. Na3 N8f6 0-1

[Event "Challenge"]
[Site "http://www.queenalice.com/game.php?id=843524"]
[Date "2010.10.9"]
[Round "-"]
[White "Diego_chapeco"]
[Black "Cosette"]
[Result "0-1"]
[WhiteElo "1385"]
[BlackElo "1541"]

1. e4 e5 2. Nf3 Nc6 3. Bc4 d6 4. d3 Nf6 5. Bg5 Bg4 6. h3 Bh5 7. g4 Bg6 8. Bxf6
gxf6 9. Bb5 Qe7 10. Nc3 O-O-O 11. Nd5 Qe6 12. Ng5 fxg5 13. Bc4 Qd7 14. Bb5 f5
15. Bxc6 bxc6 16. exf5 Bf7 17. Nf6 Qe7 18. Ne4 d5 19. Ng3 e4 20. Ne2 Re8 21. d4
Qb4+ 0-1